000 01287npm a2200253 i 4500
001 5140
003 ES-MaACL
005 20250709063210.0
007 hzrazu bucu
008 900417r19901754sp a 00010 spa d
080 _a9(46)"--/18"
080 _a27(46)"--/18"
080 _a92:262.1(46)"--/18"
100 1 _aFlórez, Enrique,
_d1702-1773
_9142679
245 1 0 _aEspaña sagrada
_b: [Microforma] : Theatro geographico-historico de la Iglesia de España /
_cpor Henrique Florez.
260 _aMadrid :
_bAteneo Cientifico, Literario y Artistico,
_c1990.
300 _a11 carretes de microfilme :
_bnegativo ;
_c16 mm.
500 _aPublicado originalmente: Madrid, Antonio Marin, 1754-1961, 54 t. en 53 v.
505 8 _aCarrete n. 1: Indices (t. 52) y tomos 1 a 5 (p. 384) -- Carrete n. 2: tomo 5 (p. 385) a 10 (p. 383) -- Carrete n. 3: tomo 10 (p.384) a 14 -- Carrete n. 4: tomo 15 a 19 -- Carrete n. 5: tomo 20 a 24 -- Carrete n. 6: tomo 25 a 29 -- Carrete n. 7: tomo 30 a 33 -- Carrete n. 8: tomo 34 a 38 -- Carrete n. 9: tomo 39 al 43 -- Carrete n. 10: tomo 44 al 48 -- Carrete n. 11: tomo 49 a 51, 53 y 54
650 1 4 _aObras anteriores a 1800.
_915661
852 _aES-MaACL
_jMC-36-46
_95257
_cDEPO1
942 _2udc
_cMICROFORMA
999 _c5140
_d5140